| 000 | 00783cam a2200217 a 4500 | ||
|---|---|---|---|
| 020 | _a0471616532 | ||
| 082 | 0 | 0 |
_a624.15 _bSHA _cN-01, P-230 |
| 100 | 1 |
_aPrakash, Shamsher. _926807 |
|
| 245 | 1 | 0 |
_aPile foundations in engineering practice / _cShamsher Prakash, Hari D. Sharma. |
| 260 |
_aNew York : _bWiley, _cc1990. |
||
| 300 |
_axxx, 734 p. : _bill. ; _c25 cm. |
||
| 500 | _a"A Wiley-Interscience publication." | ||
| 526 |
_a0 _b0 _c0 _d624_150000000000000_SHA |
||
| 526 |
_a0 _b0 _c0 _d624_150000000000000_SHA |
||
| 650 | 0 |
_aNUST _96342 |
|
| 650 | 0 |
_aPiling (Civil engineering) _926808 |
|
| 700 | 1 |
_aSharma, Hari D. _96366 |
|
| 856 | 4 | _uhttp://www.loc.gov/catdir/toc/onix03/89031977.html | |
| 856 | 4 | 2 | _uhttp://www.loc.gov/catdir/description/wiley033/89031977.html |
| 942 |
_2ddc _cBK |
||
| 999 |
_c546311 _d546311 |
||